Loading...
Science - Other Science | 0 | 4 | 0 | 0 | 40 | 90 | 108.00 | 0 | 0 |
Science - Chemistry | 0 | 3 | 0 | 1 | 30 | 106 | 115.00 | 0 | 0 |
Science - Biology | 0 | 2 | 0 | 0 | 20 | 108 | 108.00 | 0 | 0 |
Geography/Current Events | 0 | 2 | 0 | 2 | 20 | 117 | 121.50 | 0 | 0 |
Social Science | 0 | 2 | 0 | 0 | 20 | 80 | 89.00 | 0 | 0 |
Literature - World/Other Literature | 0 | 2 | 0 | 0 | 20 | 89 | 115.50 | 0 | 0 |
Science - Physics | 0 | 2 | 0 | 1 | 20 | 89 | 107.50 | 0 | 0 |
Fine Arts - Other Fine Arts | 0 | 2 | 0 | 0 | 20 | 91 | 94.50 | 1 | 2 |
Fine Arts - Classical Music | 0 | 1 | 0 | 0 | 10 | 134 | 134.00 | 0 | 0 |
Fine Arts - Visual Fine Arts | 0 | 1 | 0 | 0 | 10 | 137 | 137.00 | 0 | 0 |
History - American History | 0 | 1 | 0 | 0 | 10 | 68 | 68.00 | 0 | 1 |
History - European History | 0 | 1 | 0 | 0 | 10 | 103 | 103.00 | 0 | 0 |
Other Academic | 0 | 1 | 0 | 0 | 10 | 25 | 25.00 | 1 | 1 |
Philosophy | 0 | 1 | 1 | 0 | 5 | 65 | 65.00 | 0 | 1 |
History - World History | 0 | 0 | 0 | 0 | 0 | 0.00 | 0 | 0 | |
History - Other History | 0 | 1 | 2 | 0 | 0 | 87 | 87.00 | 0 | 1 |
Religion | 0 | 0 | 1 | 0 | -5 | 0.00 | 0 | 0 | |
Mythology | 0 | 0 | 1 | 0 | -5 | 0.00 | 0 | 0 |